| 000 | 00593nam a22001811a 4500 | ||
|---|---|---|---|
| 003 | NEGST | ||
| 005 | 20110718131359.0 | ||
| 008 | 030627s1964 001 0 eng d | ||
| 100 | 1 | _aStahl, Kathleen M. | |
| 245 | 1 | 0 |
_aHistory of the Chagga people of Kilimanjaro / _cby Kathleen M. Stahl. _h[Text] |
| 260 |
_aThe Hague _bMouton _c1964 |
||
| 300 | _a394p : maps. | ||
| 440 | 0 |
_aStudies in African history, anthropology, and ethnology ; _v2 |
|
| 500 | _aIncludes bibliography and index. | ||
| 590 | _aAccession number: 22517 | ||
| 650 | 0 |
_aChaga (African people) _xHistory. |
|
| 999 |
_c33102 _d33102 |
||